The All England Law Reports Reprint (Record no. 621408)

MARC details
000 -LEADER
fixed length control field 00495nam a22001817a 4500
008 - FIXED-LENGTH DATA ELEMENTS--GENERAL INFORMATION
fixed length control field 260429b |||||||| |||| 00| 0 eng d
020 ## - INTERNATIONAL STANDARD BOOK NUMBER
ISBN 9780406000354
Paper back/Hardbound hbk
041 ## - LANGUAGE CODE
Language code of text/sound track or separate title eng
082 ## - DEWEY DECIMAL CLASSIFICATION NUMBER
Classification number 348.42 ALL(R)
100 ## - MAIN ENTRY--AUTHOR NAME
Personal name Bridgman, G.F.L. ESQ.
245 ## - TITLE STATEMENT
Title The All England Law Reports Reprint
260 ## - PUBLICATION, DISTRIBUTION, ETC. (IMPRINT)
Place of publication London
Name of publisher Butterworth & Co. (Publishers) Ltd.
Year of publication 1962
300 ## - PHYSICAL DESCRIPTION
Number of Pages 1147
Dimensions 20cm
504 ## - BIBLIOGRAPHY, ETC. NOTE
Bibliography, etc Includes index
650 ## - SUBJECT ADDED ENTRY--TOPICAL TERM
Topical Term Laws, regulations & cases
942 ## - ADDED ENTRY ELEMENTS (KOHA)
Koha item type English Books
Holdings
Withdrawn status Lost status Damaged status Not for loan Home library Current library Shelving location Date acquired Full call number Accession Number Price effective from Koha item type
        Anna Centenary Library Anna Centenary Library 4TH FLOOR, A WING 28.12.2010 348.42 ALL(R) 401686 29.04.2026 English Books

Find us on the map